| 000 | 01051cad a22001935a 4500 | ||
|---|---|---|---|
| 001 | L150398 | ||
| 008 | 100708e2010 xxk 000 0 eng d | ||
| 035 | _a(Sirsi) u150398 | ||
| 041 | 0 | _aeng | |
| 110 | 2 |
_aEnglish Heritage _92714 |
|
| 245 | 0 | 0 |
_aCaring for places of worship 2010 _h[electronic resource] |
| 260 |
_aLondon _bEH _c2010 |
||
| 520 | _aBased on results of survey; examines how to care for these buildings; conservation advice; importance of historic buildings; funding; costs of repairs; maintenance; changing use; value; challenges of maintaining listed buildings; almost 45% of all grade I listed buildings are places of worship; regional variations; Heritage at Risk Register. | ||
| 590 | _aKA NTK | ||
| 651 | 4 | _aEngland 886- | |
| 690 | _aBUILT ENVIRONMENT-BUILDING TYPES-ANCIENT MONUMENTS AND HISTORIC BUILDINGS | ||
| 856 | 4 | 8 |
_uhttps://www.english-heritage.org.uk/publications/caring-for-places-of-worship-report/caring-places-of-worship-2010-report.pdf _zView the website free of charge at www.english-heritage.org.uk |
| 942 | _n0 | ||
| 999 |
_c82493 _d82493 |
||